000 00351nmm a2200145 a 4500
003 AR-BaBNM
005 20251128202651.0
008 013119s1907 ||||||||||||||000 | spa||
040 _cAR-BaBNM
100 1 _aAulard, A.
245 1 0 _aTaine
_bhistorien de la revolution francaise
260 _a[S.l.]
_bArmand Colin
_c1907
942 _cBK
998 _cJacobzon
999 _c47
_d47